| 000 | 00371nam a2200145Ia 4500 | ||
|---|---|---|---|
| 008 | 221030s9999 xx 000 0 und d | ||
| 020 | _a8126523658 | ||
| 041 | _aEnglish | ||
| 100 | _aL. L. Reeves | ||
| 245 | 2 |
_aA Manager`s Guide to Data Warehousing _cby L. L. Reeves |
|
| 260 |
_bWilley Pub. _aNew Delhi _c2010 |
||
| 300 | _a451 | ||
| 650 | _aBE Computer | ||
| 942 | _cBK | ||
| 999 |
_c16191 _d16191 |
||